Подробности
| 000 -МАРКЕР |
| контрольное поле |
01352nam a22002771i 4500 |
| 001 - КОНТРОЛЬНЫЙ НОМЕР ЗАПИСИ |
| контрольное поле |
000030528 |
| 003 - ПРИНАДЛЕЖНОСТЬ КОНТРОЛЬНОГО НОМЕРА |
| контрольное поле |
RuMoIPM |
| 005 - ДАТА И ВРЕМЯ ПОСЛЕДНЕЙ ТРАНЗАКЦИИ |
| контрольное поле |
20260507134712.0 |
| 008 - ЭЛЕМЕНТЫ ДАННЫХ ФИКСИРОВАННОЙ ДЛИНЫ |
| контрольное поле |
130115s1972----ur | c rus |
| 040 ## - ОРГАНИЗАЦИЯ-СОЗДАТЕЛЬ ЗАПИСИ |
| организация-создатель исходной библиографической записи |
RuMoIPM |
| язык каталогизации |
rus |
| правила каталогизации |
rcr |
| 041 0# - КОД ЯЗЫКА |
| код языка текста |
Русский |
| 044 ## - КОД СТРАНЫ ПУБЛИКАЦИИ/ИЗГОТОВЛЕНИЯ |
| MARC код страны публикации/изготовления |
Российская Федерация |
| 080 ## - ИНДЕКС УНИВЕРСАЛЬНОЙ ДЕСЯТИЧНОЙ КЛАССИФИКАЦИИ |
| индекс Универсальной десятичной классификации |
51(07) |
| 245 1# - ОБЛАСТЬ ЗАГЛАВИЯ И СВЕДЕНИЙ ОБ ОТВЕТСТВЕННОСТИ |
| заглавие |
Сборник конкурсных задач по математике с решениями |
| сведения, относящиеся к заглавию, и т. д |
Пособие для поступающих в вузы |
| сведения об ответственности и т. д |
[Науч. ред. канд. физ.-мат. наук, доц. Б. Г. Габдулхаев] |
| 250 ## - ОБЛАСТЬ ИЗДАНИЯ |
| сведения об издании |
2-е изд., перераб. и доп. |
| 260 ## - ОБЛАСТЬ ВЫХОДНЫХ ДАННЫХ |
| место публикации, распространения, изготовления и т. д |
Казань |
| издательство, издатель, распространитель и т. д |
Таткнигоиздат |
| дата издания, распространения и т. д |
1972 |
| 300 ## - ОБЛАСТЬ КОЛИЧЕСТВЕННОЙ ХАРАКТЕРИСТИКИ |
| объём |
542 с. |
| прочее |
черт. |
| 500 ## - ПРИМЕЧАНИЕ ОБЩЕГО ХАРАКТЕРА |
| текст примечания |
Перед загл. авт.: И.И. Вовченко, Э.М. Исхаков, П.А. Лежнин, М.Л. Шевелев |
| 500 ## - ПРИМЕЧАНИЕ ОБЩЕГО ХАРАКТЕРА |
| текст примечания |
1-е изд.: И.И. Вовченко, П.А. Лежнин, М.Л. Шевелев. Сборник конкурсных задач по математике |
| 700 1# - ИМЯ ЛИЦА КАК ДОБАВОЧНЫЙ ПОИСКОВЫЙ ПРИЗНАК |
| имя лица |
Вовченко, Иван Ильич |
| 700 1# - ИМЯ ЛИЦА КАК ДОБАВОЧНЫЙ ПОИСКОВЫЙ ПРИЗНАК |
| имя лица |
Исхаков, Энгель Мухамедович |
| 700 1# - ИМЯ ЛИЦА КАК ДОБАВОЧНЫЙ ПОИСКОВЫЙ ПРИЗНАК |
| имя лица |
Лежнин, Платон Андрианович |
| 700 1# - ИМЯ ЛИЦА КАК ДОБАВОЧНЫЙ ПОИСКОВЫЙ ПРИЗНАК |
| имя лица |
Шевелев, Матвей Львович |
| 700 1# - ИМЯ ЛИЦА КАК ДОБАВОЧНЫЙ ПОИСКОВЫЙ ПРИЗНАК |
| имя лица |
Габдулхаев, Билсур Габдулхаевич |
| роль лица относительно произведения |
ред. |
| 942 ## - ДАННЫЕ О ЗАПИСИ (KOHA) |
| Тип экземпляра (KOHA) |
Книга |